00383nam a2200157Ia 4500003000400000005001700004008004100021020001800062040000900080082002200089100001600111245004400127260003200171300000900203650001300212OSt20201230094435.0190216s9999||||xx |||||||||||||| ||und|| a9788126419548 coclc a894.812301bCHA/E aChandramati 0aEnte Priyapetta Kathakal /cChandramati bDc Books,c2010.aKottayam: a135p aKathakal